Statistics for Star Trek: The Next Generation Easy Quiz

Click here to take the quiz!

General Stats

  • This quiz has been taken 2,120 times
    (2,077 since last reset)
  • The average score is 15 of 16

Answer Stats

HintAnswer% Correct
What is the name of the Android officer?Data
99%
What is the name of the featured starship?Enterprise 1701-D
99%
Who is the Captain of the ship?Jean-Luc Picard
99%
What race is Lt. Worf?Klingon
98%
What is the name of the cyborg race devoted to assimilation?Borg
97%
TNG and DS9 are the only Star Trek shows that do not have a major crew member belonging to what peaceful, pointy-eared race?Vulcan
97%
How many movies were made featuring the TNG cast?4
96%
What member of the above race and star of original Star Trek appears as an ambassador?Spock
95%
What is the name of the virtual reality entertainment rooms onboard?Holodeck
94%
In what century does the show take place?24th
93%
Who is the Chief Engineer?Geordi LaForge
92%
What is the name of the propulsion system used to "fly" in space?Warp Drive
92%
What larger political body is the above group part of?United Federation of Planets
90%
What are the two major weapons systems onboard the ship?Phaser
88%
What is the name of the exploratory/military group sponsoring the ship?Starfleet
77%
Photon Torpedo
74%

Score Distribution

Percentile by Number Answered

Percent of People with Each Score

Your Score History

You have not taken this quiz since the last reset